000 00319nam a22001337a 4500
008 170406b xxu||||| |||| 00| 0 eng d
020 _a0721612423
041 _aeng
080 _23 ED
_a575
100 _a9
101 _aSHM
245 _aIMUNOLOGIC DISORDERS IN INFACTS AND CHILDREN
_cABRAMSON.J.S
942 _2udc
_cBK
999 _c9987
_d9987